Top 10 Città più popolose Provincia di Salerno - Statistics

Statistiche generali
  • Questo quiz è stato fatto 68 volte
  • Il punteggio medio è 7 su 10
Statistiche sulle risposte
Popolazione (ab.) Città % Corretto
152 608 Salerno
98%
50 464 Battipaglia
89%
46 563 Nocera Inferiore
89%
55 885 Cava de' Tirreni
78%
38 219 Eboli
74%
31 030 Sarno
65%
34 671 Pagani
61%
32 576 Angri
59%
50 013 Scafati
59%
25 096 Pontecagnano Faiano
50%
Nessun quiz corrispondente trovato
Distribuzione punteggi
Percentuale di utenti per punteggio
Percentile per numero di risposta
I tuoi punteggi nel tempo
Non hai fatto questo quiz